Music Quiz

Random Music or Billboard Quiz
Score 0/100 Timer 10:00
8 Plays Today
Song Artist % Correct
Bohemian RhapsodyQueen
94.4%
You're My Best FriendQueen
94.4%
Don't Go Breaking My HeartElton John & Kiki Dee
94.3%
Island GirlElton John
90.9%
Silly Love SongsWings
85.7%
Let 'Em InWings
85.7%
50 Ways to Leave Your LoverPaul Simon
84.5%
You Should Be DancingBee Gees
80%
Fanny (Be Tender With My Love)Bee Gees
80%
Say You Love MeFleetwood Mac
78.9%
RhiannonFleetwood Mac
78.9%
I Write the SongsBarry Manilow
76.4%
Tryin' to Get the Feeling AgainBarry Manilow
76.4%
(Shake, Shake, Shake) Shake Your BootyKC and the Sunshine Band
75.8%
That's The Way (I Like It)KC and the Sunshine Band
75.8%
Take It to the LimitEagles
74.9%
Love HangoverDiana Ross
70.2%
Theme from 'Mahogany' (Do You Know Where You're Going To)Diana Ross
70.2%
December 1963 (Oh What a Night)The Four Seasons
69.3%
Dream OnAerosmith
68.8%
Sara SmileHall and Oates
68.1%
She's GoneHall and Oates
68.1%
Show Me the WayPeter Frampton
67.2%
Baby, I Love Your WayPeter Frampton
67.2%
If You Leave Me NowChicago
67%
Love to Love You BabyDonna Summer
66.7%
Evil WomanElectric Light Orchestra
65%
Rock and Roll All NiteKISS
62.8%
Golden YearsDavid Bowie
61.9%
The Boys Are Back in TownThin Lizzy
60.2%
Squeeze BoxThe Who
59.5%
Take the Money and RunSteve Miller Band
58.3%
Play That Funky MusicWild Cherry
56.7%
Slow RideFoghat
54.5%
Song Artist % Correct
Breaking Up Is Hard To DoNeil Sedaka
49.4%
Afternoon DelightStarland Vocal Band
47.3%
You Sexy ThingHot Chocolate
46.6%
Love HurtsNazareth
44.6%
Sing a SongEarth Wind and Fire
44.5%
GetawayEarth Wind and Fire
44.5%
Disco DuckRick Dees
44.1%
Love is AliveGary Wright
43.5%
DreamweaverGary Wright
43.5%
Saturday NightBay City Rollers
43.2%
Money HoneyBay City Rollers
43.2%
Sweet LoveCommodores
42.8%
Got to Get You Into My LifeThe Beatles
41.9%
All By MyselfEric Carmen
41.9%
Welcome Back (Theme from 'Welcome Back, Kotter')John Sebastian
39.3%
Fox On The RunSweet
39.2%
LowdownBoz Scaggs
38.9%
ConvoyCW McCall
36.5%
Lonely Night (Angel Face)Captain and Tennille
36.4%
Shop AroundCaptain and Tennille
36.4%
Still the OneOrleans
36%
Love RollercoasterOhio Players
34.8%
Who'd She Coo?The Ohio Players
34.8%
I'd Really Love to See You TonightEngland Dan & John Ford Coley
34.2%
Let Your Love FlowThe Bellamy Brothers
32.3%
Devil WomanCliff Richard
31.5%
Turn the Beat AroundVicki Sue Robinson
31.5%
Only SixteenDr. Hook
30.6%
A Little Bit MoreDr. Hook
30.6%
Fooled Around and Fell In LoveElvin Bishop
30%
Give Up the Funk (Tear the Roof Off the Sucker)Parliament
29.8%
You'll Never Find Another Love Like MineLou Rawls
28.1%
SummerWar
27.7%
Disco LadyJohnnie Taylor
27.2%
Song Artist % Correct
This MasqueradeGeorge Benson
27.1%
Country Boy (You Got Your Feet in LA)Glen Campbell
26.4%
I Love Music, Pt. 1The O'Jays
26.4%
More, More, MoreAndrea True Connection
25.6%
Wham BamSilver
24.8%
Deep PurpleDonny & Marie Osmond
24.3%
Get CloserSeals and Crofts
23.9%
Times of Your LifePaul Anka
23.8%
A Fifth of BeethovenWalter Murphy & The Big Apple Band
23.6%
Heaven Must Be Missing an AngelTavares
21.8%
Rock and Roll MusicThe Beach Boys
21.3%
Fly, Robin, FlySilver Convention
21.3%
Get Up and BoogieSilver Convention
21.3%
Let Her InJohn Travolta
20.8%
Kiss and Say GoodbyeThe Manhattans
20.3%
Right Back Where We Started FromMaxine Nightingale
20.3%
Love Machine, Pt. 1The Miracles
20.3%
Boogie FeverSylvers
19.7%
I'm EasyKeith Carradine
18.2%
I'll Be Good to YouBrothers Johnson
16.8%
ShannonHenry Gross
16.1%
Moonlight Feels RightStarbuck
16%
With Your LoveJefferson Starship
14.8%
Sweet ThingRufus
13.5%
Young Hearts Run FreeCandi Staton
13.3%
Misty BlueDorothy Moore
11.8%
Theme from SWATRhythm Heritage
9.5%
Let's Do It AgainStaple Singers
9.4%
Wake Up Everybody, Pt. 1Harold Melvin & The Blue Notes
9.3%
Junk Food JunkieLarry Groce
8.1%
Walk Away From LoveDavid Ruffin
6.1%
Baby FaceWing and a Prayer Fife and Drum Corps
4.4%

You're not logged in!

Compare scores with friends on all Sporcle quizzes.
OR
Log In

Sporcle TV

Today on Sporcle TV


Watch our educational content, quiz creation guides, and fun videos on Sporcle TV.

Show Comments

Extras

Top Quizzes Today


Score Distribution

Paid Content

Your Account Isn't Verified!

In order to create a playlist on Sporcle, you need to verify the email address you used during registration. Go to your Sporcle Settings to finish the process.

Report this User

Report this user for behavior that violates our Community Guidelines.

Details: